[Event "Cappelle Online Blitz op"]
[Site "Europe Echecs INT"]
[Date "2022.01.09"]
[Round "9"]
[White "Gourarier, Emmanuel"]
[Black "Oney, Remel"]
[Result "0-1"]
[WhiteElo "1463"]
[BlackElo "1781"]
[PlyCount "72"]
[EventDate "2022.01.09"]
[EventType "swiss (blitz)"]
[EventRounds "11"]
[EventCountry "FRA"]
[SourceTitle "EXT 2023"]
[Source "ChessBase"]
[SourceDate "2022.10.05"]
[SourceVersion "1"]
[SourceVersionDate "2022.10.05"]
[SourceQuality "1"]

1. e4 Nf6 2. e5 Nd5 3. c4 Nb6 4. d4 d6 5. exd6 exd6 6. Nc3 Nc6 7. Nf3 Bg4 8. Be2 Be7 9. 0-0 0-0 10. Qd3 h6 11. a3 Bf6 12. d5 Bxf3 13. Bxf3 Ne5 14. Qe2 Nbxc4 15. Bf4 Re8 16. Bxe5 Nxe5 17. Rfe1 Qe7 18. Qb5 a6 19. Qxb7 Reb8 20. Rxe5 Bxe5 21. Qc6 Qh4 22. g3 Qf6 23. Qxc7 Qxf3 24. Na4 Qxd5 25. Nb6 Rxb6 26. Qxb6 Re8 27. Qxa6 Bxb2 28. Rb1 Qf5 29. Rxb2 Re1+ 30. Kg2 Qd5+ 31. f3 Qd4 32. Rb8+ Kh7 33. Qb5 Qd2+ 34. Kh3 Re5 35. Qd7 Rh5+ 36. Kg4 Qg5# 0-1

[Event "Cappelle Online Blitz op"]
[Site "Europe Echecs INT"]
[Date "2022.01.09"]
[Round "2"]
[White "Trolong, Alain"]
[Black "Oney, Remel"]
[Result "0-1"]
[WhiteElo "1303"]
[BlackElo "1781"]
[PlyCount "54"]
[EventDate "2022.01.09"]
[EventType "swiss (blitz)"]
[EventRounds "11"]
[EventCountry "FRA"]
[SourceTitle "EXT 2023"]
[Source "ChessBase"]
[SourceDate "2022.10.05"]
[SourceVersion "1"]
[SourceVersionDate "2022.10.05"]
[SourceQuality "1"]

1. e4 Nf6 2. f4 Nxe4 3. Nf3 d5 4. d4 e6 5. c3 Be7 6. Nbd2 c5 7. Nxe4 dxe4 8. Ne5 cxd4 9. cxd4 Nc6 10. Nxc6 bxc6 11. Qa4 Qb6 12. Bd3 exd3 13. Bd2 0-0 14. 0-0 Bd7 15. Qb3 Qxd4+ 16. Kh1 Rab8 17. Qc3 Qxc3 18. Bxc3 c5 19. Rad1 c4 20. a3 Ba4 21. Rde1 Bd6 22. Rf2 Rb3 23. g3 Bc6+ 24. Kg1 Bc5 25. Kf1 Bxf2 26. Kxf2 Rd8 27. Re4 Bxe4 0-1

[Event "Tetraktys Concept Mgmt"]
[Site "Europe Echecs INT"]
[Date "2021.06.06"]
[Round "10"]
[White "Oney, Remel"]
[Black "Emmenecker, Philippe"]
[Result "1-0"]
[WhiteElo "1781"]
[BlackElo "2053"]
[PlyCount "59"]
[EventDate "2021.06.06"]
[EventType "swiss (blitz)"]
[EventRounds "11"]
[EventCountry "FRA"]
[SourceTitle "CBM 202 Extra"]
[Source "ChessBase"]
[SourceDate "2021.07.31"]
[SourceVersion "1"]
[SourceVersionDate "2021.07.31"]
[SourceQuality "1"]

1. d4 Nf6 2. Bf4 d5 3. e3 c5 4. c3 Nc6 5. Nd2 e6 6. Ngf3 cxd4 7. exd4 Nh5 8. Bg5 f6 9. Bh4 Bd6 10. Ne5 g6 11. Nxc6 bxc6 12. Bd3 Nf4 13. Qf3 0-0 14. 0-0 Nxd3 15. Qxd3 Rb8 16. b4 a5 17. a3 Qc7 18. Bg3 e5 19. dxe5 fxe5 20. Nb3 axb4 21. axb4 Bf5 22. Qe3 Ra8 23. Nc5 Bxc5 24. Qxc5 Bd3 25. Rfe1 Be4 26. f3 Rxa1 27. Rxa1 Bd3 28. Ra7 Qb8 29. Qe7 Qb6+ 30. Bf2 1-0

[Event "Tetraktys Concept Mgmt"]
[Site "Europe Echecs INT"]
[Date "2021.06.06"]
[Round "6"]
[White "Oney, Remel"]
[Black "Rodriguez, Augustin"]
[Result "0-1"]
[WhiteElo "1781"]
[BlackElo "1263"]
[PlyCount "96"]
[EventDate "2021.06.06"]
[EventType "swiss (blitz)"]
[EventRounds "11"]
[EventCountry "FRA"]
[SourceTitle "CBM 202 Extra"]
[Source "ChessBase"]
[SourceDate "2021.07.31"]
[SourceVersion "1"]
[SourceVersionDate "2021.07.31"]
[SourceQuality "1"]

1. d4 e6 2. Bf4 d5 3. e3 Bd6 4. Bg3 Nf6 5. Nd2 c5 6. c3 Nc6 7. Ngf3 b6 8. Bd3 Bb7 9. Ne5 Bxe5 10. dxe5 Nd7 11. f4 Qe7 12. 0-0 0-0 13. Qh5 g6 14. Qh6 Rfe8 15. Bh4 Qf8 16. Qg5 h6 17. Qg3 Qg7 18. Nf3 Ne7 19. Qf2 Nf5 20. Bxf5 exf5 21. Kh1 f6 22. exf6 Nxf6 23. Ne5 Ne4 24. Qe2 a5 25. Rad1 Ba6 26. Qe1 Bxf1 27. Qxf1 g5 28. Be1 Rad8 29. Qd3 Qf6 30. c4 dxc4 31. Qc2 Rxd1 32. Qxd1 Rd8 33. Qc2 Qd6 34. h3 Qd1 35. Qxc4+ Qd5 36. Qc2 Kh7 37. Bc3 Qd1+ 38. Qxd1 Rxd1+ 39. Kh2 Nxc3 40. bxc3 Ra1 41. Nd7 Rxa2 42. Nxb6 Rc2 43. Nd5 a4 44. Ne7 a3 45. Nxf5 a2 46. Nd6 a1Q 47. f5 Qf1 48. e4 Qxg2# 0-1

[Event "Tetraktys Concept Mgmt"]
[Site "Europe Echecs INT"]
[Date "2021.06.06"]
[Round "1"]
[White "Oney, Remel"]
[Black "Sindarov, Javokhir"]
[Result "0-1"]
[WhiteElo "1781"]
[BlackElo "2558"]
[PlyCount "74"]
[EventDate "2021.06.06"]
[EventType "swiss (blitz)"]
[EventRounds "11"]
[EventCountry "FRA"]
[SourceTitle "CBM 202 Extra"]
[Source "ChessBase"]
[SourceDate "2021.07.31"]
[SourceVersion "1"]
[SourceVersionDate "2021.07.31"]
[SourceQuality "1"]

1. d4 Nf6 2. Bf4 d6 3. e3 Nbd7 4. Nf3 g6 5. Bd3 Bg7 6. 0-0 0-0 7. c4 Re8 8. Bc2 b6 9. Nc3 Bb7 10. d5 e5 11. Bg5 Rf8 12. Ne4 h6 13. Nxf6+ Nxf6 14. Bxf6 Qxf6 15. e4 Qe7 16. Qd2 f5 17. Rad1 f4 18. b4 g5 19. Ne1 g4 20. Qe2 h5 21. f3 Qg5 22. c5 a5 23. cxd6 cxd6 24. Bd3 axb4 25. Rc1 Rf7 26. Nc2 Rxa2 27. Qe1 b3 28. Nb4 gxf3 29. Rf2 Rxf2 30. Qxf2 fxg2 31. Qxg2 Bh6 32. Qxg5+ Bxg5 33. Rb1 f3 34. Rxb3 Bc8 35. Kf2 Bh4+ 36. Kf1 Bh3+ 37. Kg1 f2+ 0-1

[Event "Europe Echecs Blitz May op"]
[Site "Europe Echecs INT"]
[Date "2021.05.09"]
[Round "4"]
[White "Duquesnoy, Jean Philippe"]
[Black "Oney, Remel"]
[Result "1-0"]
[WhiteElo "2172"]
[BlackElo "1781"]
[PlyCount "69"]
[EventDate "2021.05.09"]
[EventType "swiss (blitz)"]
[EventRounds "11"]
[EventCountry "FRA"]
[SourceTitle "CBM 202 Extra"]
[Source "ChessBase"]
[SourceDate "2021.07.31"]
[SourceVersion "1"]
[SourceVersionDate "2021.07.31"]
[SourceQuality "1"]

1. d4 Nf6 2. Bg5 Ne4 3. Bf4 d6 4. f3 Nf6 5. e4 Nc6 6. Be3 e6 7. c4 Be7 8. Nc3 0-0 9. Qd2 e5 10. d5 Nb4 11. a3 Na6 12. b4 b6 13. Bd3 Bb7 14. Nge2 Nd7 15. 0-0 f5 16. exf5 Nf6 17. Ng3 Qe8 18. Rae1 Qf7 19. Nce4 Nh5 20. Nxh5 Qxh5 21. g4 Qf7 22. Kh1 Bh4 23. Re2 Nb8 24. Bg5 Bxg5 25. Nxg5 Qe7 26. Nxh7 Rf7 27. Ng5 Rf6 28. Ne6 Rxe6 29. fxe6 c6 30. Be4 b5 31. c5 cxd5 32. Bxd5 dxc5 33. Bxb7 Qxb7 34. Qd8+ Kh7 35. Rxe5 1-0

[Event "C'Chartres Blitz op April"]
[Site "Europe Echecs INT"]
[Date "2021.04.10"]
[Round "11"]
[White "Csano, Joseph"]
[Black "Oney, Remel"]
[Result "0-1"]
[WhiteElo "1490"]
[BlackElo "1781"]
[PlyCount "56"]
[EventDate "2021.04.10"]
[EventType "swiss (blitz)"]
[EventRounds "11"]
[EventCountry "FRA"]
[SourceTitle "CBM 201 Extra"]
[Source "ChessBase"]
[SourceDate "2021.05.31"]
[SourceVersion "1"]
[SourceVersionDate "2021.05.31"]
[SourceQuality "1"]

1. d4 Nf6 2. c4 g6 3. Nf3 Bg7 4. Nc3 d5 5. cxd5 Nxd5 6. Bd2 0-0 7. e4 Nxc3 8. Bxc3 c5 9. d5 Bxc3+ 10. bxc3 Qa5 11. Qc2 Nd7 12. Bd3 Nf6 13. h3 b5 14. Qd2 c4 15. Bc2 Kg7 16. a4 a6 17. 0-0 Qb6 18. Nd4 Bb7 19. Rfb1 Rfd8 20. axb5 axb5 21. Rxa8 Rxa8 22. Rxb5 Ra1+ 23. Kh2 Qd6+ 24. g3 Bc8 25. Bd1 Qd7 26. Bg4 Nxg4+ 27. hxg4 Qxg4 28. f4 Qh3# 0-1

[Event "C'Chartres Blitz op April"]
[Site "Europe Echecs INT"]
[Date "2021.04.10"]
[Round "7"]
[White "Faure Brac, Seraphin"]
[Black "Oney, Remel"]
[Result "1-0"]
[WhiteElo "1996"]
[BlackElo "1781"]
[PlyCount "141"]
[EventDate "2021.04.10"]
[EventType "swiss (blitz)"]
[EventRounds "11"]
[EventCountry "FRA"]
[SourceTitle "CBM 201 Extra"]
[Source "ChessBase"]
[SourceDate "2021.05.31"]
[SourceVersion "1"]
[SourceVersionDate "2021.05.31"]
[SourceQuality "1"]

1. Nf3 Nf6 2. g3 d5 3. Bg2 c6 4. 0-0 e6 5. b3 Be7 6. Bb2 0-0 7. c4 Nbd7 8. d3 a6 9. Nbd2 b5 10. Rc1 Bb7 11. Qc2 Rc8 12. Qb1 Re8 13. Qa1 Bf8 14. Rfd1 a5 15. cxb5 cxb5 16. Rxc8 Qxc8 17. Rc1 Qb8 18. Nd4 Rc8 19. Nxb5 Ba6 20. Nd4 Qb6 21. Rxc8 Bxc8 22. N4f3 Bb7 23. Bd4 Qc7 24. Qc3 Qxc3 25. Bxc3 Bb4 26. Nb1 Nc5 27. Kf1 Kf8 28. Ke1 Ke7 29. Kd2 g6 30. h3 Nfd7 31. Kc2 e5 32. Bxe5 Nxe5 33. Nxe5 Ke6 34. Nf3 f6 35. Nd4+ Kd6 36. Kd1 a4 37. a3 Nxb3 38. axb4 Nxd4 39. Na3 Nc6 40. b5 Nd4 41. e3 Nb3 42. Kc2 Kc5 43. Kc3 f5 44. d4+ Kb6 45. Kb4 Nc1 46. Bf1 Na2+ 47. Kxa4 Nc3+ 48. Kb4 Nd1 49. Nb1 Nxf2 50. Nc3 Ne4 51. Nxe4 fxe4 52. Be2 Bc8 53. Bg4 Bxg4 54. hxg4 g5 55. Ka4 h6 56. Kb4 Kc7 57. Kc5 Kb7 58. Kxd5 Kb6 59. Kxe4 Kxb5 60. d5 Kc5 61. Ke5 Kc4 62. d6 Kd3 63. d7 Kxe3 64. d8Q Kf3 65. Qf6+ Kxg3 66. Qf5 Kh4 67. Ke4 Kg3 68. Qf3+ Kh4 69. Kf5 h5 70. gxh5 g4 71. Qxg4# 1-0

[Event "Ville d'Orsay online Blitz"]
[Site "Europe Echecs INT"]
[Date "2021.02.07"]
[Round "1"]
[White "Maillard, Xavier"]
[Black "Oney, Remel"]
[Result "0-1"]
[WhiteElo "1063"]
[BlackElo "1781"]
[PlyCount "104"]
[EventDate "2021.02.07"]
[EventType "swiss (blitz)"]
[EventRounds "11"]
[EventCountry "FRA"]
[SourceTitle "CBM 200 Extra"]
[Source "ChessBase"]
[SourceDate "2021.03.31"]
[SourceVersion "1"]
[SourceVersionDate "2021.03.31"]
[SourceQuality "1"]

1. c4 Nf6 2. Nc3 g6 3. g3 Bg7 4. Bg2 c6 5. e4 0-0 6. Nge2 Na6 7. d4 Nc7 8. 0-0 d5 9. e5 Nfe8 10. cxd5 Nxd5 11. Nxd5 cxd5 12. Be3 Nc7 13. Rc1 b6 14. Qa4 Bd7 15. Qb4 Rc8 16. h4 Bg4 17. Nf4 h6 18. Kh2 g5 19. Nh3 gxh4 20. Ng1 hxg3+ 21. fxg3 e6 22. Bh3 Bxh3 23. Nxh3 Na6 24. Qd2 Rxc1 25. Rxc1 Kh7 26. Nf4 Qg5 27. Nh3 Qh5 28. Rf1 Nc7 29. Rf4 Ne8 30. Rh4 Qg6 31. Nf4 Qg5 32. Nxe6 Qg6 33. Nxf8+ Bxf8 34. Rxh6+ Bxh6 35. Bxh6 Qxh6+ 36. Qxh6+ Kxh6 37. Kh3 Kg5 38. g4 Kf4 39. Kh4 Ke4 40. Kg5 Kxd4 41. Kf5 Ke3 42. g5 d4 43. e6 fxe6+ 44. Kxe6 d3 45. g6 Ng7+ 46. Kf7 Nf5 47. Kf6 Ke4 48. g7 Nxg7 49. Kxg7 d2 50. Kf8 d1Q 51. Ke7 Qd5 52. Kf6 b5 0-1

[Event "Ville d'Orsay online Blitz"]
[Site "Europe Echecs INT"]
[Date "2021.02.07"]
[Round "8"]
[White "Oney, Remel"]
[Black "Poiraud, Ludovic"]
[Result "0-1"]
[WhiteElo "1781"]
[BlackElo "2048"]
[PlyCount "72"]
[EventDate "2021.02.07"]
[EventType "swiss (blitz)"]
[EventRounds "11"]
[EventCountry "FRA"]
[SourceTitle "CBM 200 Extra"]
[Source "ChessBase"]
[SourceDate "2021.03.31"]
[SourceVersion "1"]
[SourceVersionDate "2021.03.31"]
[SourceQuality "1"]

1. d4 d5 2. Bf4 e6 3. Nd2 Bd6 4. Bg3 Nf6 5. Ngf3 b6 6. e3 Bb7 7. Bd3 0-0 8. Ne5 Nbd7 9. f4 Ne4 10. Qh5 f5 11. 0-0-0 Nxd2 12. Rxd2 Nf6 13. Qf3 Bxe5 14. fxe5 Ne4 15. Rdd1 c5 16. c3 c4 17. Bc2 b5 18. Be1 Qe7 19. h4 a5 20. a3 Bc6 21. h5 Rfb8 22. Bh4 Qf8 23. h6 g6 24. Be1 b4 25. cxb4 axb4 26. Bxb4 Rxb4 27. axb4 Ra1+ 28. Bb1 Ba4 29. Rdf1 Rxb1+ 30. Kxb1 Nd2+ 31. Kc1 Nxf3 32. Rxf3 Qxb4 33. Rhf1 c3 34. e4 cxb2+ 35. Kb1 dxe4 36. Rc1 bxc1Q+ 0-1

[Event "Cappelle Online Blitz op 1st"]
[Site "Europe Echecs INT"]
[Date "2021.01.10"]
[Round "7"]
[White "Oney, Remel"]
[Black "Hapala, Elisabeth"]
[Result "1-0"]
[WhiteElo "1781"]
[BlackElo "2154"]
[PlyCount "113"]
[EventDate "2021.01.10"]
[EventType "swiss (blitz)"]
[EventRounds "11"]
[EventCountry "FRA"]
[SourceTitle "CBM 200 Extra"]
[Source "ChessBase"]
[SourceDate "2021.03.31"]
[SourceVersion "1"]
[SourceVersionDate "2021.03.31"]
[SourceQuality "1"]

1. d4 Nf6 2. Bf4 b6 3. e3 Bb7 4. Nf3 Nh5 5. Bg3 g6 6. Be2 Bg7 7. 0-0 0-0 8. Ne5 Nxg3 9. hxg3 d6 10. Bf3 c6 11. Nd3 Nd7 12. c3 Qc7 13. Nd2 b5 14. a4 a6 15. Qe2 c5 16. Rfc1 c4 17. Nb4 Nb6 18. a5 Nd7 19. Nd5 Bxd5 20. Bxd5 Rac8 21. Bf3 e6 22. Ne4 Nb8 23. g4 h6 24. Ng3 d5 25. e4 dxe4 26. Nxe4 e5 27. dxe5 Bxe5 28. Rd1 Nc6 29. Rd5 Bg7 30. Rad1 Nxa5 31. Rd7 Qe5 32. R7d5 Qb8 33. Rd6 Rc6 34. Rxc6 Nxc6 35. Nc5 Na5 36. Nd7 Qc7 37. Nxf8 Bxf8 38. Qe4 Nb3 39. Qc6 Qb8 40. Qxa6 b4 41. Qxc4 bxc3 42. bxc3 Na5 43. Qd4 Nb7 44. Qb6 Qf4 45. Qxb7 Qc4 46. Qe4 Qxc3 47. Re1 Qa5 48. Qe8 Kg7 49. Qe5+ Qxe5 50. Rxe5 Bd6 51. Rd5 Be7 52. Kf1 Bf6 53. Ke2 g5 54. Rd7 Bc3 55. Bd5 Kf6 56. Rxf7+ Ke5 57. Ba2 1-0

[Event "C'Chartres Blitz op"]
[Site "Europe Echecs INT"]
[Date "2020.11.28"]
[Round "9"]
[White "Dubois, Martine"]
[Black "Oney, Remel"]
[Result "1-0"]
[WhiteElo "1780"]
[BlackElo "1781"]
[PlyCount "183"]
[EventDate "2020.11.28"]
[EventType "swiss (blitz)"]
[EventRounds "11"]
[EventCountry "FRA"]
[SourceTitle "CBM 199 Extra"]
[Source "ChessBase"]
[SourceDate "2021.01.31"]
[SourceVersion "1"]
[SourceVersionDate "2021.01.31"]
[SourceQuality "1"]

1. e4 Nf6 2. e5 Nd5 3. d4 d6 4. c4 Nb6 5. exd6 exd6 6. Nc3 Be7 7. Bd3 Nc6 8. Nf3 Bg4 9. Be3 0-0 10. 0-0 h6 11. h3 Bxf3 12. Qxf3 Bf6 13. Rfd1 Re8 14. Be4 Nxc4 15. Bxc6 bxc6 16. b3 Nxe3 17. fxe3 d5 18. Rf1 Qe7 19. Rae1 c5 20. Nxd5 Qd8 21. Nxf6+ Qxf6 22. Qxf6 gxf6 23. dxc5 Re6 24. Rf3 Rd8 25. Ref1 Kg7 26. Rg3+ Kf8 27. Rf2 Rd5 28. b4 Rd3 29. Re2 Re4 30. Rf3 Ke7 31. Ref2 Re6 32. Re2 Rd1+ 33. Kf2 Rb1 34. Rf4 Rd1 35. Kf3 Rf1+ 36. Kg3 Rd1 37. e4 Rd3+ 38. Rf3 Rd4 39. a3 Rdxe4 40. Rxe4 Rxe4 41. Kf2 Rd4 42. g4 Rd2+ 43. Kg3 Rd4 44. Re3+ Kd7 45. Kf3 Kc6 46. Ke2 Rd7 47. Rf3 Re7+ 48. Kd3 Re6 49. Kc4 Re4+ 50. Kd3 Re6 51. Re3 Kb5 52. Rf3 a6 53. Kd4 Ka4 54. Kd5 c6+ 55. Kd4 Kb5 56. h4 a5 57. bxa5 Kxa5 58. Rb3 Re1 59. Rb8 Ka4 60. Ra8+ Kb3 61. Ra6 Rg1 62. Rxc6 Rxg4+ 63. Kd3 Rxh4 64. Rb6+ Kxa3 65. c6 Rh3+ 66. Kd4 Rh4+ 67. Kd5 Rh1 68. c7 Rc1 69. Rc6 Rd1+ 70. Ke4 Re1+ 71. Kf3 Re8 72. c8Q Rxc8 73. Rxc8 Kb4 74. Rf8 Kc5 75. Rxf7 Kd6 76. Rxf6+ Ke5 77. Rxh6 Kf5 78. Rh5+ Kg6 79. Ra5 Kf6 80. Ke4 Kg6 81. Kf4 Kh6 82. Kg4 Kg7 83. Ra6 Kf7 84. Kg5 Ke7 85. Kf5 Kd7 86. Ke5 Kc7 87. Rh6 Kd7 88. Rg6 Kc7 89. Kd5 Kb7 90. Kc5 Ka7 91. Kb5 Kb7 92. Rg7+ 1-0

[Event "C'Chartres Blitz op"]
[Site "Europe Echecs INT"]
[Date "2020.11.28"]
[Round "8"]
[White "Oney, Remel"]
[Black "Bellahcene, Meriem"]
[Result "0-1"]
[WhiteElo "1781"]
[BlackElo "1915"]
[PlyCount "100"]
[EventDate "2020.11.28"]
[EventType "swiss (blitz)"]
[EventRounds "11"]
[EventCountry "FRA"]
[SourceTitle "CBM 199 Extra"]
[Source "ChessBase"]
[SourceDate "2021.01.31"]
[SourceVersion "1"]
[SourceVersionDate "2021.01.31"]
[SourceQuality "1"]

1. d4 d5 2. Bf4 c6 3. e3 e6 4. Nf3 Nf6 5. Nbd2 Nbd7 6. c3 Be7 7. Bd3 0-0 8. h3 b6 9. 0-0 c5 10. Ne5 Bb7 11. Qc2 c4 12. Be2 b5 13. a3 a5 14. g4 Ne4 15. f3 Nxd2 16. Qxd2 Nb6 17. Bd1 f6 18. Bc2 fxe5 19. Bxe5 Nd7 20. Bh2 Bg5 21. Qe2 Nf6 22. Bg3 Ne8 23. h4 Bxh4 24. Qh2 g5 25. f4 h6 26. fxg5 hxg5 27. Rxf8+ Kxf8 28. Rf1+ Kg7 29. Qf2 Qf6 30. Qg2 Qe7 31. Be5+ Kg8 32. Qf3 Ng7 33. Bf6 Qf7 34. Qg2 Rf8 35. Bxg5 Qxf1+ 36. Qxf1 Rxf1+ 37. Kxf1 Bxg5 38. Kf2 Ne8 39. Kg3 Nf6 40. Kf3 Kf7 41. a4 b4 42. cxb4 axb4 43. a5 Ba6 44. Ba4 c3 45. bxc3 bxc3 46. Kf2 Bd3 47. Ke1 Nxg4 48. Kd1 Bxe3 49. a6 Bxd4 50. a7 Bxa7 0-1

[Event "Europe Echecs Blitz Nov op"]
[Site "Europe Echecs INT"]
[Date "2020.11.08"]
[Round "10"]
[White "El Mchaouri Mas, Younes"]
[Black "Oney, Remel"]
[Result "1-0"]
[WhiteElo "2207"]
[BlackElo "1781"]
[PlyCount "55"]
[EventDate "2020.11.08"]
[EventType "swiss (blitz)"]
[EventRounds "11"]
[EventCountry "FRA"]
[SourceTitle "CBM 199 Extra"]
[Source "ChessBase"]
[SourceDate "2021.01.31"]
[SourceVersion "1"]
[SourceVersionDate "2021.01.31"]
[SourceQuality "1"]

1. Nf3 Nf6 2. c4 c5 3. Nc3 Nc6 4. g3 d6 5. Bg2 Bd7 6. 0-0 g6 7. d4 cxd4 8. Nxd4 Bg7 9. Nc2 0-0 10. Bg5 Rc8 11. Rc1 Be6 12. b3 h6 13. Bd2 Qd7 14. Re1 Bh3 15. Bh1 Ng4 16. Ne3 Nxe3 17. Bxe3 a6 18. Nd5 Qd8 19. Qd2 Kh7 20. Red1 e6 21. Nb6 Rb8 22. Qxd6 Be5 23. Qxd8 Rbxd8 24. Nd7 Rfe8 25. Bxc6 bxc6 26. Nxe5 Rc8 27. Nxf7 Kg7 28. Nd6 1-0

[Event "Europe Echecs Blitz Nov op"]
[Site "Europe Echecs INT"]
[Date "2020.11.08"]
[Round "11"]
[White "Oney, Remel"]
[Black "Benoit, David"]
[Result "0-1"]
[WhiteElo "1781"]
[BlackElo "1933"]
[PlyCount "118"]
[EventDate "2020.11.08"]
[EventType "swiss (blitz)"]
[EventRounds "11"]
[EventCountry "FRA"]
[SourceTitle "CBM 199 Extra"]
[Source "ChessBase"]
[SourceDate "2021.01.31"]
[SourceVersion "1"]
[SourceVersionDate "2021.01.31"]
[SourceQuality "1"]

1. d4 Nf6 2. Bf4 e6 3. e3 d5 4. Nd2 c5 5. c3 cxd4 6. exd4 Nc6 7. Bd3 Bd6 8. Bg3 Bxg3 9. hxg3 Bd7 10. Ngf3 h6 11. Ne5 Nxe5 12. dxe5 Nh7 13. Qc2 Nf8 14. 0-0 Qc7 15. Rfe1 0-0-0 16. c4 dxc4 17. Nxc4 Kb8 18. Nd6 Qxc2 19. Bxc2 Be8 20. Be4 b6 21. Rac1 Nd7 22. Nb7 Rc8 23. Rxc8+ Kxc8 24. Rc1+ Kb8 25. Nd6 Nc5 26. Bf3 Bd7 27. Nxf7 Rf8 28. Nd6 Nd3 29. Rc2 Nxe5 30. b3 Nxf3+ 31. gxf3 Rxf3 32. Kg2 Rf8 33. Nc4 Bc6+ 34. Kf1 Bb5 35. Kg2 Bxc4 36. Rxc4 Kb7 37. Re4 Rf6 38. Rc4 a5 39. f4 b5 40. Rd4 Kc6 41. Rd8 Kc5 42. Ra8 Kb4 43. Ra7 g6 44. Ra6 h5 45. Ra7 Rf5 46. Ra6 e5 47. Rxg6 exf4 48. gxf4 Rxf4 49. Rg5 Rg4+ 50. Rxg4+ hxg4 51. Kg3 Ka3 52. Kxg4 Kxa2 53. Kf3 Kxb3 54. Ke3 Kb2 55. Kd2 a4 56. Kd3 b4 57. Kc4 b3 58. Kb4 a3 59. Ka4 a2 0-1

[Event "C'Chartres Blitz (Women)"]
[Site "Europe Echecs INT"]
[Date "2020.06.06"]
[Round "9"]
[White "Navrotescu, Andreea Cristiana"]
[Black "Oney, Remel"]
[Result "1-0"]
[WhiteElo "2284"]
[BlackElo "1781"]
[PlyCount "57"]
[EventDate "2020.06.06"]
[EventType "tourn (blitz)"]
[EventRounds "15"]
[EventCountry "FRA"]
[EventCategory "2"]
[SourceTitle "CBM 196 Extra"]
[Source "ChessBase"]
[SourceDate "2020.07.31"]
[SourceVersion "1"]
[SourceVersionDate "2020.07.31"]
[SourceQuality "1"]

1. c4 e5 2. Nc3 Bc5 3. e3 d6 4. Nf3 a6 5. d4 exd4 6. exd4 Ba7 7. h3 Nc6 8. Be3 Nf6 9. Bd3 d5 10. 0-0 0-0 11. c5 Ne7 12. Bg5 c6 13. Bxf6 gxf6 14. Nh4 Ng6 15. Nf5 Bxf5 16. Bxf5 Bb8 17. Qh5 Qc7 18. g3 Kh8 19. Rae1 Qd8 20. Re3 Bc7 21. Rfe1 Qb8 22. Bxg6 fxg6 23. Qh4 Bd8 24. Re8 Rxe8 25. Rxe8+ Kg7 26. Na4 Qc8 27. Nb6 Qf5 28. Nxa8 Qb1+ 29. Kg2 1-0

[Event "C'Chartres Blitz (Women)"]
[Site "Europe Echecs INT"]
[Date "2020.06.06"]
[Round "8"]
[White "Oney, Remel"]
[Black "Gueci, Tea"]
[Result "0-1"]
[WhiteElo "1781"]
[BlackElo "2228"]
[PlyCount "114"]
[EventDate "2020.06.06"]
[EventType "tourn (blitz)"]
[EventRounds "15"]
[EventCountry "FRA"]
[EventCategory "2"]
[SourceTitle "CBM 196 Extra"]
[Source "ChessBase"]
[SourceDate "2020.07.31"]
[SourceVersion "1"]
[SourceVersionDate "2020.07.31"]
[SourceQuality "1"]

1. d4 Nf6 2. Bf4 g6 3. e3 Bg7 4. Nf3 d6 5. Be2 0-0 6. h3 b6 7. c4 Bb7 8. Nc3 Nbd7 9. 0-0 Re8 10. Qc2 Nh5 11. Bh2 e5 12. Rad1 Qc8 13. b4 f5 14. d5 a5 15. a3 Bf8 16. Ng5 Ng7 17. e4 Nf6 18. f3 h6 19. Ne6 Nxe6 20. dxe6 Qxe6 21. Nd5 Nxd5 22. cxd5 Qf7 23. Bb5 Rec8 24. Rc1 axb4 25. axb4 h5 26. Kh1 Bh6 27. Ra1 Be3 28. Bg1 Bf4 29. Bh2 Bh6 30. Bg1 Bg5 31. Bh2 Qh7 32. Bg3 h4 33. Bf2 Bf4 34. Rfd1 Rab8 35. Bd7 Qxd7 36. exf5 gxf5 37. Bxh4 Rf8 38. Bf2 Qg7 39. Ra3 Rf6 40. Rc3 Rf7 41. Rdd3 Ba6 42. Rd1 Rbf8 43. Qa2 Bb5 44. Qa7 c5 45. Qxb6 cxb4 46. Rb3 Be2 47. Re1 Bc4 48. Rxb4 Bxd5 49. Rbb1 Rf6 50. Qb5 Bf7 51. Qb4 Rh6 52. Kg1 Rxh3 53. Kf1 Rh6 54. Be3 Bxe3 55. Rxe3 f4 56. Re2 Rh1+ 57. Kf2 Qg3# 0-1

[Event "C'Chartres Blitz (Women)"]
[Site "Europe Echecs INT"]
[Date "2020.06.06"]
[Round "14"]
[White "Oney, Remel"]
[Black "Milliet, Sophie"]
[Result "1-0"]
[WhiteElo "1781"]
[BlackElo "2401"]
[PlyCount "57"]
[EventDate "2020.06.06"]
[EventType "tourn (blitz)"]
[EventRounds "15"]
[EventCountry "FRA"]
[EventCategory "2"]
[SourceTitle "CBM 196 Extra"]
[Source "ChessBase"]
[SourceDate "2020.07.31"]
[SourceVersion "1"]
[SourceVersionDate "2020.07.31"]
[SourceQuality "1"]

1. d4 Nf6 2. Bf4 c5 3. e3 g6 4. c3 Bg7 5. Nf3 0-0 6. Nbd2 d6 7. h3 Nc6 8. Bd3 e5 9. Bh2 exd4 10. exd4 Re8+ 11. Be2 cxd4 12. cxd4 Qe7 13. Nc4 d5 14. Nd6 Rd8 15. Nxc8 Qb4+ 16. Qd2 Qxd2+ 17. Nxd2 Raxc8 18. Nf3 Re8 19. Be5 Nxe5 20. dxe5 Ne4 21. 0-0 Bxe5 22. Bb5 Re6 23. Bd7 Rce8 24. Bxe6 Rxe6 25. Nxe5 Rxe5 26. Rfe1 Rf5 27. Re2 Rf6 28. Rd1 Rd6 29. Rxe4 1-0